A guide to tropical fungi

Bibliographic Details
Main Author: TAN
Format: Book
Published: Singapore : Singapore Science Centre , 1996
Subjects:

MARC

LEADER 00000cam a2200000 7i4500
001 0000000225
005 20000721.0
020 0 0 |a 9971882264 
090 0 0 |a 579.5   |b TAN 1996 
100 1 0 |a TAN   |h Teck Koon 
245 1 2 |a A guide to tropical fungi   |c Tan Teck Koon 
260 0 0 |a Singapore :   |b Singapore Science Centre ,   |c 1996 
300 |a 144 p. :   |b col. ill. ;   |c 16 cm. 
650 0 0 |a Fungi 
999 |a 0000001098   |b Monograph   |c Open Shelf   |e Default branch